000 00668nam a22002057a 4500
003 OSt
005 20230116130526.0
008 230112b |||||||| |||| 00| 0 eng d
020 _a0 86559 191 1
040 _cBiblioteca Lado V
082 _a779
_bG574r
100 _9545
_aGober, Robert
_eautor
245 _aRobert Gober/
_bThe United States Pavilon/
260 _aChicago
_c2001
_bHirshhorn Museum Smithsonian
300 _c17x24cm
_b2 libros
650 _2Tesauro de Arte & Arquitectura
_aFOTOGRAFIA
650 _2Tesauro de Arte & Arquitectura
_aARTE
650 _2Tesauro de Arte & Arquitectura
_aU.S.A.
942 _2ddc
_c1
_h779
_iG574r
_n0
999 _c2798
_d2798